Apple - Charli xcx - All Lyrics - Statistics

General Stats
  • This quiz has been taken 390 times
  • The average score is 225 of 290
Answer Stats
Answer % Correct
I
100%
apple
99%
apple,
99%
the
98%
The
98%
to
94%
do
89%
(Do
89%
drive
89%
drive,
89%
(Drive,
89%
drive)
89%
from
88%
From
88%
me
88%
when
88%
When
88%
rotten
87%
core
86%
think
86%
all
84%
just
84%
right
84%
wanna
84%
fall
82%
you
81%
You
81%
you?
81%
you,
81%
you)
81%
tree
80%
apple's
78%
apples
78%
far
76%
don't
75%
see
74%
airport,
73%
airport
73%
go
73%
kinda
73%
and
72%
And
72%
guess
70%
before
69%
lines
68%
symmetrical
68%
down
67%
scary
67%
night
66%
night)
66%
I'm
64%
I’m
64%
(I'm
64%
gonna
63%
know
63%
Makes
62%
so
62%
So
62%
green
60%
yellow
60%
at
59%
find
59%
into
59%
things
59%
throw
59%
'Cause
58%
is
58%
of
58%
only
58%
split
58%
you're
58%
looking
57%
Now
57%
or
56%
where
56%
been
55%
sky
55%
alone
54%
alone,
54%
feeling
53%
could
52%
I've
52%
long
51%
turn
50%
coming
49%
what
49%
But
48%
but
48%
different
47%
never
47%
seeds
47%
nuances
46%
there's
46%
like
45%
lots
44%
keep
42%
understand
42%
can't
41%
grow
41%
Feels
40%
listen,
40%
passed
40%
get
34%
help
33%
angry
32%
leave
24%
No matching quizzes found
Score Distribution
Percent of People with Each Score
Percentile by Number Answered
Your Score History
You have not taken this quiz